| 000 | 01103nam a2200241 i 4500 | ||
|---|---|---|---|
| 001 | 154335 | ||
| 003 | ES-MaACL | ||
| 005 | 20251014063218.0 | ||
| 008 | 040707s1873 fr af |||| | fre d | ||
| 100 | 0 |
_aGoblet d'Alviella, Eugene, _cComte de _957491 |
|
| 245 | 1 | 0 |
_aSahara et Laponie / _cpar le Comte Goblet d'Alviella. |
| 260 |
_aParis : _bHenri Plon 1873. |
||
| 300 |
_a302, [36] p., [16] h. lám. : _bil. ; _c19 cm. |
||
| 505 | 8 | _aContiene: Un mois au sud de l'Atlas ; Un voyage au Cap Nord | |
| 505 | 8 | _aContiene además los catálogos editoriales: Biblothèque des voyages extrait du catalogue général de la Librairie Henri Plon. Bibliothèque des Beaux-Arts extrait du catalogue général de la Librairie Henri Plon | |
| 599 | _aLas h. de lám. lit. | ||
| 599 | _aLas il., a toda plana, corresponden a los catálogos de la Librairie Henri Plon. | ||
| 651 | 4 |
_aSahara- _xDescripción. _9137377 |
|
| 651 | 4 |
_aLaponia- _xDescripción. _9159924 |
|
| 651 | 4 |
_aFinlandia- _xDescripción. _98665 |
|
| 852 |
_aES-MaACL _jD-879 _z- Legado M. de la Fuente |
||
| 999 |
_c154335 _d154335 |
||